00349nam a2200133 a 4500008004100000020001500041050001600056100001800072245001300090246004800103260004300151350000900194650001200203120416s1987 ||||||||||||||||| || u a0851394183 aNA 6821 Ham aHam, Roderick10aTheatres aplanning guidance for design and adaptation aLondonbButterworth Architecturec1987 a0.00 aTHEATRE